All PlayStation Consoles - Statistics

General Stats
  • This quiz has been taken 1,400 times
    1,339 since last reset
  • The average score is 6 of 7
Answer Stats
Answer % Correct
PS2
98%
PS3
98%
PS4
97%
PS5
97%
PlayStation
94%
PSP
84%
PS Vita
75%
No matching quizzes found
Score Distribution
Percent of People with Each Score
Percentile by Number Answered
Your Score History
You have not taken this quiz since the last reset